| 000 | 00788nam a2200265Ia 4500 | ||
|---|---|---|---|
| 001 | Para_4958 | ||
| 003 | CHAP | ||
| 008 | 220125s1929 xx 000 0 und d | ||
| 010 | _a203417 | ||
| 040 | _cCHAP | ||
| 090 | _aPA FOLLETO 2319 | ||
| 100 |
_aList, George M _967096 |
||
| 245 |
_aThe sulphide sulphur content as a basis for diluting lime-sulphur for spraying / _c George M. List |
||
| 260 |
_aFort Collins : _b Colorado Agricultural College |
||
| 300 | _a14 p. | ||
| 440 |
_aColorado Exp. Sta. Bull.; 352 _9169186 |
||
| 650 |
_aInsecticidas _x Análisis Aspersión _9169187 |
||
| 901 | _aPA FOLLETO 2319 | ||
| 902 | _aA | ||
| 905 | _a0000001929 FOR 0000000000 00 | ||
| 910 | _a1929 | ||
| 942 | _cPARA | ||
| 942 |
_cPARA _d1 |
||
| 999 |
_c203417 _d203417 |
||